Proces vytvárania vyspelej projektovo orientovanej organizácie

Pojem východiská a typy organizačných zmien. Proces riadenia účinných zmien organizácie. Vplyv globalizácie na strategické zmeny. Proces úspešnej zmeny. Projektová orientácia organizácie.

Saved in:
Bibliographic Details
Main Author: Marsina, Štefan
Other Authors: Thomasová, Elena
Format: Book Chapter
Language:Slovak
Subjects:
Tags: Add Tag
No Tags, Be the first to tag this record!

MARC

LEADER 00000naa a2200000 4500
001 0190682
005 20240502073216.7
041 0 |a slo 
044 |a SK 
245 1 0 |a Proces vytvárania vyspelej projektovo orientovanej organizácie  |c Štefan Marsina, Elena Thomasová 
520 |a Pojem východiská a typy organizačných zmien. Proces riadenia účinných zmien organizácie. Vplyv globalizácie na strategické zmeny. Proces úspešnej zmeny. Projektová orientácia organizácie. 
610 2 0 |a riadenie projektové 
610 2 0 |a zmeny organizačné 
610 2 0 |a podnikanie 
610 2 0 |a manažment strategický 
100 1 |a Marsina, Štefan 
700 1 |a Thomasová, Elena